Name the Animal #2 - Statistics

General Stats
  • This quiz has been taken 8 times
  • The average score is 7 of 15
Answer Stats
Hint Answer % Correct
UNAGIE GPI GUINEA PIG
86%
NOGAKARO KANGAROO
86%
WIKI KIWI
86%
LALEZEG GAZELLE
71%
NYHEA HYENA
71%
BEXI IBEX
57%
GINK BROCA KING COBRA
57%
LAROGIL GORILLA
43%
LAMAPI IMPALA
43%
AJKCLA JACKAL
43%
GAJURA JAGUAR
43%
NEHOR HERON
14%
LNORLHIB HORNBILL
14%
UNAGIA IGUANA
14%
CANJAA JACANA
0%
No matching quizzes found
Score Distribution
Percent of People with Each Score
Percentile by Number Answered
Your Score History
You have not taken this quiz